Kúpa podniku z účtovného a daňového hľadiska diplomová práca

Guardado en:
Detalles Bibliográficos
Autor principal: Priečinská, Zuzana
Autor Corporativo: Fakulta hospodárskej informatiky EU. Katedra účtovníctva a audítorstva
Otros Autores: Ondrušová, Lucia, 1981-
Formato: Libro
Lenguaje:eslovaco
Publicado: Bratislava 2011
Etiquetas: Agregar Etiqueta
Sin Etiquetas, Sea el primero en etiquetar este registro!

MARC

LEADER 00000nbm a2200000 4500
001 0132126
005 20161109101749.6
041 0 |a slo 
044 |a SK 
245 1 0 |a Kúpa podniku z účtovného a daňového hľadiska  |b diplomová práca  |c Zuzana Priečinská ; školiteľ: Lucia Ondrušová 
264 1 |a Bratislava  |c 2011 
300 |a 56 s. 
100 1 |a Priečinská, Zuzana 
700 1 |a Ondrušová, Lucia, 1981- 
710 2 |a Fakulta hospodárskej informatiky EU. Katedra účtovníctva a audítorstva